000 01038cam a22003137a 4500
003 CHAP
005 20220817042921.0
008 971013s1995 r 00010 d
010 _a59824
011 _a60796
035 _a64959
040 _cCHAP
090 _aFolleto 14636
100 0 0 _aSánchez Soler, María Dolores.
_9107877
245 0 _aModelos académicos
260 _aMéxico, D.F. :
_bAsociación Nacional de Universidades e Instituciones de Educación Superior,
_c1995
300 _a83 p.
490 0 _aTemas de hoy en la educación superior
_v; 8
590 _aBATCH-UPD
_b10
_c20130110
_lUCH01
_h0719
590 _aBATCH-UPD
_b10
_c20130410
_lUCH01
_h0404
590 _aBATCH-UPD
_b10
_c20130914
_lUCH01
_h1237
590 _aCONVERSION
_b10
_c20130109
_lUCH01
_h1332
650 1 4 _aEducación superior.
650 1 4 _aEducación
_xPlanes de estudio.
_935474
830 0 _aTemas de hoy en la educación superior
_v; 8
_9112147
901 _aBK
942 _cFOLL
949 _aFolleto 14636
_bBC
_cFOLL
_d-143512
_eTS1
_i64959
_si
999 _c59824
_d59824